00695 a2200157 45000010006000000050017000060080041000230030015000640400040000790800060001192450151001792640051003303000019003815050116004001000021005165965220260407155850.0260407a1971 arg spa dAR-UNSa-BCEJYS aAR-UNSa-BCEJYSbspacAR-UNSa-BCEJYS a330.34(7/8)xDesarrollo Económico de América Latina10aHacia una dinámica del desarrollo latinoamericanopcon un apéndice sobre el falso dilemaa entre desarrollo económico y estabilidad monetaria 1aMéxico :bFondo de Cultura Económicac1971 a210 p.c21 cm. a1. Factores generales - 2. Los factores estructurales internos - 3. El estrangulamiento exterior del desarrollo1 aPrebisch, Raúl